[Event "British KO-ch 2019"]
[Site "London"]
[Date "2019.12.04"]
[Round "2.6"]
[White "Adams, Michael"]
[Black "McShane, Luke J"]
[Result "1/2-1/2"]
[WhiteElo "2692"]
[BlackElo "2675"]
[Annotator "TA"]
[PlyCount "119"]
[EventDate "2019.11.30"]
[EventType "k.o."]
[EventCountry "ENG"]
[SourceTitle "playchess.com"]
[Source "ChessBase"]
[SourceQuality "1"]

{[%evp 9,118,33,41,39,59,56,75,35,43,31,47,1,9,10,45,1,7,0,5,-29,-15,-8,-14,-15,-22,-25,-15,-64,-51,-95,-70,-74,-70,-88,-78,-152,-149,-159,-171,-143,-22,-37,0,-78,0,18,172,177,202,169,240,212,389,313,369,365,355,351,993,972,12831,12831,12831,12824,6656,5585,2385,2298,1283,0,768,741,12841,12839,29980,29981,29983,29984,29984,29979,29982,29983,29983,29984,29984,29985,29990,29991,29991,29990,29990,29988,29988,29989,29989,29985,29985,29986,29986,29986,29985,29973,12841,12840,12839,213,267,0,0,0,1893]} 1. e4 g6 2. d4 Bg7 3. Nc3 d6 4. Be3 a6 5. Qd2 b5 6. h4 {B06: Modern Defence} h6 7. f3 Nd7 8. a4 {White is better.} b4 $1 {[%cal Rb4c3]} 9. Nd1 Rb8 10. Bd3 $146 ({Predecessor:} 10. Ne2 Ngf6 11. Nf4 e5 12. dxe5 Nxe5 13. Nf2 O-O {0-1 (30) Volokitin,A (2638)-Svidler,P (2753) Dubai 2014}) 10... c5 11. c3 Qc7 12. Nh3 Ngf6 13. O-O e5 14. d5 c4 15. Be2 Nc5 $36 {[%mdl 2048] Black is more active.} 16. Bxc5 $1 Qxc5+ 17. Nhf2 Nh5 18. Ne3 bxc3 19. bxc3 Bf6 $1 20. Rfb1 Rxb1+ 21. Rxb1 Bxh4 22. Rb4 (22. Ned1 $142) 22... O-O $17 23. Rxc4 {[#]} Qa7 $1 24. Ned1 Bg5 (24... Bg3 $17 25. Rc6 Qe7) 25. Qb2 $11 f5 26. exf5 (26. Rc6 $11 {remains equal.}) 26... Bxf5 (26... gxf5 $17 27. Rc6 Nf4) 27. g4 Nf4 $2 ({Don't blunder} 27... Rb8 $2 28. Rb4 $18) (27... Ng3 $1 $11) 28. gxf5 $18 gxf5 {[#]} 29. Kf1 $1 Bh4 (29... a5 {keeps fighting.} 30. Qa3 Rf6) 30. Qb4 Bxf2 $2 (30... Qe7 31. Rxf4 a5 32. Qxa5 (32. Rxh4 axb4 33. Rxb4 e4 $11) 32... exf4) 31. Nxf2 Qe3 {[#]} 32. Rxf4 $1 {[%mdl 64] Discovered Attack} exf4 (32... Qxf4 33. Qxd6) 33. Qxd6 {[%mdl 64] Double Attack} Re8 $2 (33... Qxc3 34. Qxh6 Qa1+ 35. Bd1 Qf6 36. Qxf4 Kg7) 34. Qg6+ Kh8 35. Qxh6+ Kg8 36. Qg6+ Kh8 37. Qh5+ Kg7 38. Qg5+ Kh8 39. Qh5+ Kg7 40. Bd3 Qc1+ 41. Kg2 Re1 42. Qg5+ Kh8 43. Qh6+ Kg8 44. Qg6+ Kh8 45. Qxf5 {[%csl Gd3][%cal Rf5h7]} Kg7 46. Qg6+ Kf8 47. Qf6+ Ke8 48. Bg6+ Kd7 49. Bf5+ Kc7 50. Qc6+ Kb8 51. Qb6+ Ka8 52. Qxa6+ Kb8 53. Qc8+ Ka7 54. Qc7+ Ka8 55. Qc6+ ({Worse is} 55. d6 Rg1+ 56. Kh2 Rh1+ 57. Nxh1 Qxh1+ 58. Kxh1 $11) 55... Kb8 56. Qb6+ Ka8 57. Bc8 $2 (57. Qd8+ Ka7 58. Qa5+ Kb7 59. Qb4+ Ka8 60. Qf8+ Ka7 61. Qc5+ Kb8 62. Qb6+ Ka8 63. Qa5+ Kb7 64. Qb4+ Ka8 65. d6) 57... Rg1+ 58. Kh2 Rh1+ $1 59. Nxh1 Qxh1+ 60. Kxh1 {Accuracy: White = 64%, Black = 39%.} 1/2-1/2

[Event "British KO-ch 2019"]
[Site "London"]
[Date "2019.12.04"]
[Round "2.6"]
[White "Jones, Gawain C B"]
[Black "Howell, David W L"]
[Result "0-1"]
[WhiteElo "2663"]
[BlackElo "2701"]
[Annotator "TA"]
[PlyCount "60"]
[EventDate "2019.11.30"]
[EventType "k.o."]
[EventCountry "ENG"]
[SourceTitle "playchess.com"]
[Source "ChessBase"]
[SourceQuality "1"]

{[%evp 10,86,24,15,29,20,38,35,38,31,45,37,45,25,20,16,27,10,23,26,35,-18,-28,-52,-51,-51,-41,-43,-25,-48,-48,-53,-43,-67,-42,-66,-62,-69,-54,-103,-66,-94,-57,-52,-65,-69,0,0,-5,-30,-42,-57,-40,-72,-60,-60,-69,-76,-75,-75,-55,-74,-41,-82,-66,-225,-88,-222,-174,-174,-160,-140,-117,-893,-802,-29994,-29995,-29997,-29998]} 1. e4 c6 2. Nc3 d5 3. Nf3 dxe4 4. Nxe4 Nf6 5. Qe2 Nxe4 6. Qxe4 Qa5 {B11: Caro-Kann: Two Knights Variation} 7. b4 (7. Qh4 Nd7 8. Bc4 Ne5 9. Be2 Nxf3+ 10. Bxf3 Bf5 11. O-O Bxc2 12. d4 e6 13. Qg3 Bg6 14. h4 {1-0 (48) Wei,Y (2721)-Vachier Lagrave,M (2774) chess.com INT 2019}) 7... Qf5 $146 ({Predecessor:} 7... Qd5 8. Qe3 Bf5 9. c4 Qe4 10. Bb2 e6 11. Bc3 Nd7 12. Be2 Be7 13. d3 Qxe3 14. fxe3 {½-½ (48) Wen,Y (2588)-Xiu,D (2538) Daqing 2019}) 8. Qe3 Qe6 {White is slightly better.} 9. Be2 Qxe3 10. fxe3 f6 11. a4 e5 12. Ba3 Bf5 13. d3 Nd7 14. O-O Bg6 15. e4 ({White should try} 15. a5 $14) 15... a5 $11 16. b5 cxb5 17. axb5 Bxa3 18. Rxa3 b6 19. Nh4 Ke7 20. Kf2 Rac8 21. c3 Rc7 22. Ke3 Rhc8 23. Kd2 Nc5 24. Rf3 Kf8 25. Rh3 Be8 26. Nf5 g6 27. Ne3 Kg7 (27... Bxb5 $15 28. Nd5 Rf7) 28. Nd5 Rb7 29. c4 Bf7 30. Nc3 h5 {Played: Rc8-d8} 0-1

[Event "British KO-ch 2019"]
[Site "London"]
[Date "2019.12.04"]
[Round "2.7"]
[White "Howell, David W L"]
[Black "Jones, Gawain C B"]
[Result "1/2-1/2"]
[WhiteElo "2701"]
[BlackElo "2663"]
[Annotator "ChessBase"]
[PlyCount "101"]
[EventDate "2019.11.30"]
[EventType "k.o."]
[EventCountry "ENG"]
[SourceTitle "playchess.com"]
[Source "ChessBase"]
[SourceQuality "1"]
[TimeControl "300+3"]

1. Nf3 {[%emt 0:00:02]} Nf6 {[%emt 0:00:00]} 2. g3 {[%emt 0:00:01]} g6 {[%emt 0:00:00]} 3. Bg2 {[%emt 0:00:01]} Bg7 {[%emt 0:00:01]} 4. c4 {[%emt 0:00:01]} O-O {[%emt 0:00:06]} 5. O-O {[%emt 0:00:02]} d6 {[%emt 0:00:03]} 6. d4 {[%emt 0:00:01]} Nc6 {[%emt 0:00:01]} 7. Nc3 {[%emt 0:00:01]} a6 {[%emt 0:00:01]} 8. b3 {[%emt 0:00:01]} Rb8 {[%emt 0:00:02]} 9. d5 {[%emt 0:00:01]} Na5 {[%emt 0:00:01]} 10. Bg5 {[%emt 0:00:01]} b5 {[%emt 0:00:05]} 11. cxb5 {[%emt 0:00:10]} axb5 {[%emt 0:00:01]} 12. b4 {[%emt 0:00:02]} c5 {[%emt 0:00:01]} 13. dxc6 {[%emt 0:00:59]} Nxc6 {[%emt 0:00:02]} 14. a3 {[%emt 0:00:00]} h6 {[%emt 0:00:22]} 15. Bd2 {[%emt 0:00:03]} Bd7 {[%emt 0:00:38]} 16. Rc1 {[%emt 0:00:25]} Ng4 {[%emt 0:00:05]} 17. Nd5 {[%emt 0:00:26]} Nce5 {[%emt 0:00:16]} 18. Nxe5 {[%emt 0:00:21]} Nxe5 {[%emt 0:00:01]} 19. Bc3 {[%emt 0:00:26]} e6 {[%emt 0:00:02]} 20. Ne3 {[%emt 0:00:01]} d5 {[%emt 0:00:09]} 21. Qb3 {[%emt 0:00:21]} Ra8 {[%emt 0:00:33]} 22. Rfd1 {[%emt 0:00:08]} Nc4 {[%emt 0:00:14]} 23. Nxc4 {[%emt 0:00:43]} bxc4 {[%emt 0:00:01]} 24. Qb2 {[%emt 0:00:01]} Bxc3 {[%emt 0:00:03]} 25. Qxc3 {[%emt 0:00:02]} f5 {[%emt 0:00:12]} 26. f3 {[%emt 0:00:12]} Qb6+ {[%emt 0:00:44]} 27. Kh1 {[%emt 0:00:02]} Ba4 {[%emt 0:00:06]} 28. Rd2 {[%emt 0:00:13]} Bb3 {[%emt 0:00:13]} 29. e4 {[%emt 0:00:08]} Rad8 {[%emt 0:00:39]} 30. exd5 {[%emt 0:00:04]} exd5 {[%emt 0:00:01]} 31. Rd4 {[%emt 0:00:11]} f4 {[%emt 0:00:04]} 32. gxf4 {[%emt 0:00:32]} Qf6 {[%emt 0:00:04]} 33. Rg1 {[%emt 0:00:22]} Kh7 {[%emt 0:00:11]} 34. Bh3 {[%emt 0:00:19]} Qh4 {[%emt 0:00:09]} 35. Be6 {[%emt 0:00:05]} Rxf4 {[%emt 0:00:13]} 36. Rxd5 {[%emt 0:00:04]} Rxd5 {[%emt 0:00:12]} 37. Bxd5 {[%emt 0:00:00]} Rf5 {[%emt 0:00:22]} 38. Be4 {[%emt 0:00:05]} Rg5 {[%emt 0:00:02]} 39. Rxg5 {[%emt 0:00:14]} Qxg5 {[%emt 0:00:05]} 40. Qd4 {[%emt 0:00:04]} Qc1+ {[%emt 0:00:06]} 41. Kg2 {[%emt 0:00:01]} c3 {[%emt 0:00:29]} 42. Qd7+ {[%emt 0:00:01]} Kg8 {[%emt 0:00:01]} 43. Qe8+ {[%emt 0:00:07]} Kg7 {[%emt 0:00:01]} 44. Qxg6+ {[%emt 0:00:03]} Kf8 {[%emt 0:00:00]} 45. Qd6+ {[%emt 0:00:01]} Kg8 {[%emt 0:00:03]} 46. Qd8+ {[%emt 0:00:03]} Kf7 {[%emt 0:00:06]} 47. Qd7+ {[%emt 0:00:03]} Kf8 {[%emt 0:00:01]} 48. Qd6+ {[%emt 0:00:01]} Kf7 {[%emt 0:00:02]} 49. Qd7+ {[%emt 0:00:05]} Kf8 {[%emt 0:00:01]} 50. Qd8+ {[%emt 0:00:04]} Kf7 {[%emt 0:00:01]} 51. Qd7+ {[%emt 0:00:02]} 1/2-1/2

[Event "British KO-ch 2019"]
[Site "London"]
[Date "2019.12.04"]
[Round "2.7"]
[White "McShane, Luke J"]
[Black "Adams, Michael"]
[Result "1-0"]
[WhiteElo "2675"]
[BlackElo "2692"]
[Annotator "ChessBase"]
[PlyCount "89"]
[EventDate "2019.11.30"]
[EventType "k.o."]
[EventCountry "ENG"]
[SourceTitle "playchess.com"]
[Source "ChessBase"]
[SourceQuality "1"]
[TimeControl "300+3"]

1. e4 {[%emt 0:00:00]} e5 {[%emt 0:00:00]} 2. Nf3 {[%emt 0:00:00]} Nc6 {[%emt 0:00:00]} 3. Bb5 {[%emt 0:00:01]} a6 {[%emt 0:00:00]} 4. Bxc6 {[%emt 0:00:00]} dxc6 {[%emt 0:00:01]} 5. O-O {[%emt 0:00:02]} Qf6 {[%emt 0:00:00]} 6. d3 {[%emt 0:00:01]} Bd6 {[%emt 0:00:05]} 7. Nbd2 {[%emt 0:00:07]} c5 {[%emt 0:00:06]} 8. Qe1 {[%emt 0:00:17]} Ne7 {[%emt 0:00:03]} 9. Nc4 {[%emt 0:00:01]} Nc6 {[%emt 0:00:11]} 10. a4 {[%emt 0:00:15]} O-O {[%emt 0:00:04]} 11. a5 {[%emt 0:00:35]} Bg4 {[%emt 0:00:02]} 12. Nfd2 {[%emt 0:00:05]} Nd4 {[%emt 0:00:06]} 13. f3 {[%emt 0:00:01]} Be6 {[%emt 0:00:30]} 14. Ne3 {[%emt 0:00:01]} b5 {[%emt 0:00:07]} 15. axb6 {[%emt 0:00:15]} cxb6 {[%emt 0:00:01]} 16. c3 {[%emt 0:00:07]} Nc6 {[%emt 0:00:16]} 17. Nd5 {[%emt 0:00:08]} Qd8 {[%emt 0:00:05]} 18. c4 {[%emt 0:00:09]} Nb4 {[%emt 0:00:12]} 19. Qe2 {[%emt 0:00:15]} Nc2 {[%emt 0:00:08]} 20. Ra2 {[%emt 0:00:08]} Nd4 {[%emt 0:00:04]} 21. Qd1 {[%emt 0:00:03]} f5 {[%emt 0:00:28]} 22. Nb1 {[%emt 0:00:33]} b5 {[%emt 0:00:13]} 23. Nbc3 {[%emt 0:00:06]} b4 {[%emt 0:00:27]} 24. Ne2 {[%emt 0:00:02]} Nxe2+ {[%emt 0:00:22]} 25. Qxe2 {[%emt 0:00:01]} a5 {[%emt 0:00:05]} 26. b3 {[%emt 0:00:18]} Bd7 {[%emt 0:00:20]} 27. exf5 {[%emt 0:00:35]} Bxf5 {[%emt 0:00:07]} 28. Bb2 {[%emt 0:00:02]} a4 {[%emt 0:00:30]} 29. Rxa4 {[%emt 0:00:15]} Rxa4 {[%emt 0:00:01]} 30. bxa4 {[%emt 0:00:01]} Re8 {[%emt 0:00:02]} 31. Ra1 {[%emt 0:00:10]} Qa5 {[%emt 0:00:13]} 32. f4 {[%emt 0:00:12]} e4 {[%emt 0:00:27]} 33. Qh5 {[%emt 0:00:21]} Rf8 34. dxe4 {[%emt 0:00:24]} Bxe4 {[%emt 0:00:02]} 35. Qg4 {[%emt 0:00:08]} Rf7 {[%emt 0:00:42]} 36. Nf6+ {[%emt 0:00:01]} Rxf6 {[%emt 0:00:01]} 37. Bxf6 {[%emt 0:00:01]} Qc7 {[%emt 0:00:01]} 38. Qe6+ {[%emt 0:00:18]} Qf7 {[%emt 0:00:01]} 39. Qxe4 {[%emt 0:00:16]} Qxf6 {[%emt 0:00:02]} 40. Rd1 {[%emt 0:00:02]} Be7 {[%emt 0:00:13]} 41. a5 {[%emt 0:00:06]} Kf7 {[%emt 0:00:06]} 42. Qd5+ {[%emt 0:00:06]} Kg6 {[%emt 0:00:06]} 43. Re1 {[%emt 0:00:09]} Qf8 {[%emt 0:00:09]} 44. a6 {[%emt 0:00:05]} Bf6 {[%emt 0:00:04]} 45. a7 {[%emt 0:00:03]} 1-0

[Event "British KO-ch 2019"]
[Site "London"]
[Date "2019.12.04"]
[Round "2.8"]
[White "Adams, Michael"]
[Black "McShane, Luke J"]
[Result "1-0"]
[WhiteElo "2692"]
[BlackElo "2675"]
[Annotator "TA"]
[PlyCount "117"]
[EventDate "2019.11.30"]
[EventType "k.o."]
[EventCountry "ENG"]
[SourceTitle "playchess.com"]
[Source "ChessBase"]
[SourceQuality "1"]

{[%evp 9,116,45,45,42,49,47,56,51,59,53,52,63,60,67,74,49,55,50,61,18,85,56,42,49,48,43,61,61,76,91,106,101,98,34,74,70,179,164,194,193,233,225,245,221,273,271,298,309,309,308,289,289,383,387,500,576,550,525,542,520,508,487,1012,1038,1250,1243,1222,1218,1135,781,1050,1022,1109,1079,1271,1210,1333,1250,2950,1638,29992,2559,2508,2293,2106,2070,29963,12841,4686,725,2321,703,2727,1143,5698,856,5549,5542,5542,5498,29988,29989,29994,29993,29993,29994,29997,29998,29999]} 1. e4 g6 2. d4 Bg7 3. Nf3 d6 4. Bc4 e6 5. O-O Ne7 6. Re1 {B06: Modern Defence} (6. Nc3 b6 7. a4 a6 8. Bf4 Bb7 9. Qd2 h6 10. Rad1 Nd7 11. Rfe1 g5 12. Bg3 Ng6 13. h3 Nf6 14. e5 Nh5 15. Qe3 Nxg3 16. fxg3 {1-0 (35) Praggnanandhaa,R (2536)-Wei,Y (2736) chess.com INT 2019}) 6... h6 7. c3 Nd7 8. Bb3 {White is slightly better.} g5 $146 ({Predecessor:} 8... b6 9. Nbd2 Bb7 10. Nf1 Nf6 11. Ng3 O-O 12. Bf4 Qd7 13. Bc2 Rad8 14. Qc1 {½-½ (22) Salgado Lopez,I (2607)-Almeida Quintana,O (2559) Sestao 2010}) 9. Na3 Ng6 10. Nc4 g4 11. Nfd2 h5 12. Nf1 b6 {[%cal Bb7b6,Bb6b5][%mdl 32]} 13. a4 {[%cal Ba2a4,Ba4a5][%mdl 32]} a6 14. d5 e5 (14... Qe7 $11) 15. a5 b5 16. Nce3 Nf6 17. Bc2 Bh6 18. c4 bxc4 19. Ra4 h4 20. Rxc4 Kf8 21. Bd3 (21. Ba4 $16) 21... Ra7 22. Be2 Nf4 ({Black should play} 22... Rb7 $14) 23. Bxg4 $18 Nxg4 24. Nxg4 Bxg4 25. Qxg4 Rg8 26. Qf3 Nxg2 27. Bxh6+ Ke8 28. Qxg2 $1 Rxg2+ 29. Kxg2 Qf6 {Strongly threatening ...Qg6+.} 30. Be3 Rb7 31. h3 Kd7 32. Rec1 Qg6+ 33. Kh2 f5 34. exf5 Qxf5 35. Nd2 Qd3 (35... e4 $142 36. Nxe4 Qe5+ 37. Kg1 Kc8) 36. Ne4 Kd8 37. Bg5+ {[%mdl 64] [#] Double Attack} Ke8 38. R1c3 Qe2 39. Rc2 Qf3 40. Bxh4 Kd7 41. R2c3 Qe2 42. b4 Ke8 43. Bg5 Kf8 44. Be3 Qf3 45. Ng5 (45. Bh6+ $142 Kf7 46. Rxf3+ Ke7 47. Bg5+ Ke8 {[#]} 48. Nxd6+ $1 {[%mdl 512]} Kd7 49. Rc6 cxd6 50. Rf8 Rb8 51. Rxb8 e4 52. Rd8#) 45... Qxd5 46. Rxc7 Rxc7 47. Rxc7 {Intending Nh7+ and mate.} Qd3 48. Ne6+ Kg8 49. Rg7+ Kh8 50. Rg4 Qb3 51. Ng5 Qa2 52. Bb6 d5 53. Nf7+ {[%mdl 64] Double Attack} Kh7 54. Nxe5 {White threatens Nd7 and mate.} Qb2 55. Nd7 {White mates.} Qe2 56. Nf8+ Kh6 57. Be3+ Kh5 58. Rg5+ {[%mdl 64] Double Attack} Kh4 59. Ng6# {Accuracy: White = 59%, Black = 40%.} 1-0

[Event "British KO-ch 2019"]
[Site "London"]
[Date "2019.12.04"]
[Round "2.8"]
[White "Jones, Gawain C B"]
[Black "Howell, David W L"]
[Result "1/2-1/2"]
[WhiteElo "2663"]
[BlackElo "2701"]
[Annotator "RC"]
[PlyCount "159"]
[EventDate "2019.11.30"]
[EventType "k.o."]
[EventCountry "ENG"]
[SourceTitle "playchess.com"]
[Source "ChessBase"]
[SourceQuality "1"]
[TimeControl "300+3"]

1. e4 {[%emt 0:00:00]} c6 {[%emt 0:00:00]} 2. Nf3 {[%emt 0:00:01]} d5 {[%emt 0:00:00]} 3. Nc3 {[%emt 0:00:01]} dxe4 {[%emt 0:00:00]} 4. Nxe4 {[%emt 0:00:01]} Nf6 {[%emt 0:00:01]} 5. Qe2 {[%emt 0:00:01]} Nxe4 {[%emt 0:00:06]} 6. Qxe4 {[%emt 0:00:01]} Qa5 {[%emt 0:00:01]} 7. b4 {[%emt 0:00:02]} Qf5 {[%emt 0:00:01]} 8. Qe3 {[%emt 0:00:01]} Qe6 {[%emt 0:00:01]} 9. Be2 {[%emt 0:00:12]} Qxe3 {[%emt 0:00:10]} 10. fxe3 {[%emt 0:00:01]} f6 {[%emt 0:00:00]} 11. a3 {[%emt 0:00:03]} e5 {[%emt 0:00:31]} 12. d4 {[%emt 0:00:10]} exd4 13. exd4 {[%emt 0:00:02]} Be6 {[%emt 0:00:29]} 14. Bf4 {[%emt 0:00:18]} Nd7 {[%emt 0:00:10]} 15. O-O {[%emt 0:00:07]} Nb6 {[%emt 0:00:13]} 16. Bd3 {[%emt 0:00:46]} Bc4 {[%emt 0:00:31]} 17. Rae1+ {[%emt 0:00:27]} Kf7 {[%emt 0:00:13]} 18. Bc1 {[%emt 0:00:32]} Bxd3 {[%emt 0:00:38]} 19. Ne5+ {[%emt 0:00:01]} Kg8 {[%emt 0:00:01]} 20. Nxd3 {[%emt 0:00:01]} Nc4 {[%emt 0:00:01]} 21. Re4 {[%emt 0:00:10]} Bd6 {[%emt 0:00:17]} 22. c3 {[%emt 0:00:52]} Kf7 {[%emt 0:00:30]} 23. Ne5+ {[%emt 0:00:26]} Nxe5 {[%emt 0:00:24]} 24. dxe5 {[%emt 0:00:01]} Rhe8 {[%emt 0:00:02]} 25. Bf4 {[%emt 0:00:02]} Re6 {[%emt 0:00:54]} 26. Rd4 {[%emt 0:00:06]} Bxe5 {[%emt 0:00:04]} 27. Bxe5 {[%emt 0:00:38]} Rxe5 {[%emt 0:00:01]} 28. Rd7+ {[%emt 0:00:01]} Re7 {[%emt 0:00:01]} 29. Rfd1 {[%emt 0:00:02]} Rae8 {[%emt 0:00:01]} 30. Kf2 {[%emt 0:00:01]} Rxd7 {[%emt 0:00:03]} 31. Rxd7+ {[%emt 0:00:01]} Re7 {[%emt 0:00:01]} 32. Rd8 {[%emt 0:00:01]} a6 {[%emt 0:00:05]} 33. a4 {[%emt 0:00:04]} h5 {[%emt 0:00:03]} 34. Kf3 {[%emt 0:00:04]} Kg6 {[%emt 0:00:08]} 35. Kf4 {[%emt 0:00:07]} Kf7 {[%emt 0:00:04]} 36. h4 {[%emt 0:00:03]} Kg6 {[%emt 0:00:01]} 37. a5 {[%emt 0:00:03]} Kf7 {[%emt 0:00:01]} 38. Rb8 {[%emt 0:00:07]} Kg6 {[%emt 0:00:04]} 39. Rh8 {[%emt 0:00:01]} Re2 {[%emt 0:00:08]} 40. Rb8 {[%emt 0:00:03]} Re7 {[%emt 0:00:01]} 41. Ra8 {[%emt 0:00:08]} Kf7 {[%emt 0:00:01]} 42. g3 {[%emt 0:00:05]} Kg6 {[%emt 0:00:01]} 43. c4 {[%emt 0:00:04]} Kf7 {[%emt 0:00:03]} 44. Ra7 {[%emt 0:00:02]} Kf8 {[%emt 0:00:28]} 45. Kf5 {[%emt 0:00:01]} Kf7 {[%emt 0:00:01]} 46. Ra8 {[%emt 0:00:06]} Re5+ {[%emt 0:00:02]} 47. Kf4 {[%emt 0:00:01]} Re7 {[%emt 0:00:01]} 48. Rh8 {[%emt 0:00:08]} Kg6 {[%emt 0:00:01]} 49. Rf8 {[%emt 0:00:02]} Re1 {[%emt 0:00:06]} 50. Rb8 {[%emt 0:00:09]} Re7 {[%emt 0:00:01]} 51. Rd8 {[%emt 0:00:07]} Kf7 {[%emt 0:00:02]} 52. Rc8 {[%emt 0:00:15]} Kg6 {[%emt 0:00:04]} 53. Rh8 {[%emt 0:00:02]} Re1 {[%emt 0:00:02]} 54. Rb8 {[%emt 0:00:04]} Rc1 {[%emt 0:00:14]} 55. Rxb7 {[%emt 0:00:09]} Rxc4+ {[%emt 0:00:02]} 56. Ke3 {[%emt 0:00:01]} c5 {[%emt 0:00:08]} 57. b5 {[%emt 0:00:02]} axb5 {[%emt 0:00:09]} 58. Rxb5 {[%emt 0:00:01]} Kf5 {[%emt 0:00:07]} 59. Kd3 {[%emt 0:00:05]} Rc1 {[%emt 0:00:00]} 60. Kd2 {[%emt 0:00:06]} Ra1 {[%emt 0:00:11]} 61. Kc2 {[%emt 0:00:07]} Kg4 {[%emt 0:00:05]} 62. Kb2 {[%emt 0:00:06]} Ra4 {[%emt 0:00:01]} 63. Kb3 {[%emt 0:00:01]} Ra1 {[%emt 0:00:01]} 64. Kb2 {[%emt 0:00:12]} Ra4 {[%emt 0:00:01]} 65. Rxc5 {[%emt 0:00:05]} Kxg3 {[%emt 0:00:02]} 66. Kb3 {[%emt 0:00:04]} Ra1 {[%emt 0:00:01]} 67. Rxh5 {[%emt 0:00:06]} g6 {[%emt 0:00:10]} 68. Rc5 {[%emt 0:00:03]} f5 {[%emt 0:00:06]} 69. Kb2 {[%emt 0:00:06]} Ra4 {[%emt 0:00:02]} 70. Kb3 {[%emt 0:00:10]} Ra1 {[%emt 0:00:00]} 71. h5 {[%emt 0:00:09]} gxh5 {[%emt 0:00:01]} 72. Kb2 {[%emt 0:00:00]} Ra4 {[%emt 0:00:03]} 73. Kb3 {[%emt 0:00:02]} Ra1 {[%emt 0:00:01]} 74. Rxf5 {[%emt 0:00:05]} h4 {[%emt 0:00:01]} 75. Kb2 {[%emt 0:00:01]} Ra4 {[%emt 0:00:01]} 76. Kb3 {[%emt 0:00:01]} Ra1 {[%emt 0:00:01]} 77. Rg5+ {[%emt 0:00:03]} Kf4 {[%emt 0:00:02]} 78. Rh5 {[%emt 0:00:01]} Kg4 {[%emt 0:00:01]} 79. Rc5 {[%emt 0:00:10]} h3 {[%emt 0:00:02]} 80. Rc4+ {[%emt 0:00:03]} 1/2-1/2